| Tag |
First Indicator |
Second Indicator |
Subfields |
| LEADER |
00000nam a2200000 4500 |
| 001 |
in00004328310 |
| 005 |
20200812081626.0 |
| 006 |
m g d |
| 007 |
cr bn |||a|bb| |
| 008 |
960122s1641 fr o 00| | eng d |
| 035 |
|
|
|a (UnM)99833387
|
| 037 |
|
|
|a CL0037000081
|b ProQuest Information and Learning. 300 N. Zeeb Rd., Ann Arbor, MI 48106
|
| 040 |
|
|
|a Cu-RivES
|c Cu-RivES
|e dcrb
|d WaOLN
|
| 100 |
0 |
|
|a Thomas,
|c à Kempis,
|d 1380-1471.
|
| 245 |
0 |
4 |
|a The following of Christ :
|b Written in Latine by Thomas of Kempis, Canon Regular of the Order of S. Augustine, of the mount of S. Agnes. Revievved and in divers things corrected. By M.C. confessor to the English nuns at Paris. Who also added the said Thomas his life.
|
| 250 |
|
|
|a And in this second edition more amply proved him to be the undoubted author of this booke.
|
| 260 |
|
|
|a At Paris :
|b by M. Blageart,
|c Anno 1641.
|
| 300 |
|
|
|a 1 online resource ([94], 487, [37] pages)
|
| 336 |
|
|
|a text
|b txt
|2 rdacontent
|
| 337 |
|
|
|a computer
|b c
|2 rdamedia
|
| 338 |
|
|
|a online resource
|b cr
|2 rdacarrier
|
| 500 |
|
|
|a Imperfect; pages stained with some loss of printing.
|
| 500 |
|
|
|a Reproduction of the original in the Bodleian Library.
|
| 510 |
4 |
|
|a Wing (2nd edition)
|c T950B
|
| 533 |
|
|
|a Electronic reproduction.
|b Ann Arbor, Mich. :
|c UMI,
|d 1999-
|f (Early English books online)
|n Digital version of: (Early English books, 1641-1700 ; 2066:15)
|7 s1999 miun s
|
| 600 |
0 |
0 |
|a Thomas,
|c à Kempis,
|d 1380-1471
|v Early works to 1800.
|
| 600 |
0 |
0 |
|a Jesus Christ
|x Example
|v Early works to 1800.
|
| 650 |
|
0 |
|a Devotional literature
|v Early works to 1800.
|
| 650 |
|
0 |
|a Christian life
|v Early works to 1800.
|
| 830 |
|
0 |
|a Early English books online.
|
| 856 |
4 |
0 |
|u http://proxy.library.tamu.edu/login?url=https://search.proquest.com/docview/2240946839
|z Connect to the full text of this electronic book
|t 0
|
| 999 |
f |
f |
|s 82a6cfb6-e072-3641-93f3-5451efeb11db
|i 11a888e0-7dcb-3542-8172-e6f26bb8c97e
|t 0
|
| 952 |
f |
f |
|a Texas A&M University
|b College Station
|c Electronic Resources
|d Available Online
|t 0
|h No information provided
|
| 998 |
f |
f |
|t 0
|l Available Online
|